Sports Quiz

Random Sports or Logo Quiz

Pixelated Big 4 Logos Quiz Stats

 Plays Quiz Updated Jun 9, 2018

Challenge
Share
Tweet
Score 0/30 Timer 06:00
1 Play Today
% Correct
Baltimore Ravens
92.7%
Detroit Lions
92.2%
San Francisco 49ers
87.4%
Minnesota Vikings
86.2%
Los Angeles Rams
84.4%
Houston Astros
83.8%
Denver Nuggets
80.7%
Washington Redskins
80.3%
Memphis Grizzlies
79.5%
Jacksonville Jaguars
78.6%
Chicago White Sox
77.1%
Philadelphia Phillies
76.8%
Boston Bruins
76.3%
New York Knicks
75.7%
Portland Trail Blazers
73.9%
% Correct
Atlanta Falcons
73.8%
Edmonton Oilers
73.8%
Arizona Diamondbacks
73.4%
Oklahoma City Thunder
72.5%
Dallas Stars
71.9%
San Jose Sharks
71.3%
Indiana Pacers
70.2%
New Orleans Pelicans
69.6%
Ottawa Senators
68.9%
Carolina Hurricanes
59.6%
Milwaukee Brewers
57.9%
Cleveland Cavaliers
57%
Miami Marlins
53.1%
Anaheim Ducks
49%
Toronto Blue Jays
43.2%

You're not logged in!

Compare scores with friends on all Sporcle quizzes.
Join for Free
OR
Log In

You Might Also Like...

Show Comments

Extras

Top Quizzes Today


Score Distribution

Your Account Isn't Verified!

In order to create a playlist on Sporcle, you need to verify the email address you used during registration. Go to your Sporcle Settings to finish the process.

Report this User

Report this user for behavior that violates our Community Guidelines.

Details: